[Event "2nd OHRA Open"]
[Site "Arnhem NED"]
[Date "1983.07.17"]
[Round "3"]
[White "Langeweg, Christian"]
[Black "Franco Ocampos, Zenon"]
[Result "1/2-1/2"]
[WhiteElo "2420"]
[BlackElo "2495"]
[EventDate "1983.07.15"]
[PlyCount "81"]

1.d4 Nf6 2.Nf3 e6 3.c4 c5 4.d5 exd5 5.cxd5 g6 6.Nc3 d6 7.Bg5 Bg7 8.e3 h6 
9.Bh4 g5 10.Bg3 Nh5 11.Bd3 Qe7 12.Qc2 Nxg3 13.hxg3 Nd7 14.Bf5 a6 15.a4 Ne5
16.a5 O-O 17.Na4 Bxf5 18.Qxf5 Rfe8 19.Nxe5 Qxe5 20.Qxe5 Rxe5 21.Nb6 Rae8 
22.O-O-O Re4 23.b3 Rb4 24.Rd3 f5 25.Nc4 Rd8 26.Kc2 b5 27.axb6 a5 28.Rb1 a4
29.Na3 Rxb6 30.bxa4 Ra6 31.Rdb3 Rxa4 32.Rb8 Rf8 33.Rxf8+ Bxf8 34.Kb3 Rg4 
35.Nc4 f4 36.gxf4 gxf4 37.Rg1 fxe3 38.Nxe3 Rb4+ 39.Kc2 Bg7 40.Rb1 Ra4 41.
Rb6 1/2-1/2

[Event "2nd OHRA Open"]
[Site "Arnhem NED"]
[Date "1983.07.17"]
[Round "3"]
[White "Sunye Neto, Jaime"]
[Black "Borm, Franciscus"]
[Result "1-0"]
[WhiteElo "2490"]
[BlackElo "2355"]
[EventDate "1983.07.15"]
[PlyCount "85"]

1.c4 e6 2.Nf3 Nf6 3.g3 d5 4.Bg2 c6 5.b3 Nbd7 6.Bb2 b5 7.O-O Be7 8.d3 O-O 
9.Nbd2 bxc4 10.dxc4 Bb7 11.Qc2 Qb8 12.e4 dxe4 13.Nxe4 Nxe4 14.Qxe4 c5 15.
Qc2 Bf6 16.Rad1 Rd8 17.Rd2 Bxb2 18.Qxb2 Nf6 19.Rfd1 Rxd2 20.Qxd2 h6 21.Qa5
Qc8 22.Ne5 Bxg2 23.Kxg2 Qb7+ 24.f3 Qb6 25.Qxb6 axb6 26.a4 g5 27.Kf2 Kg7 
28.g4 Ra7 29.Rd8 Rb7 30.Ke3 Kh7 31.Kd2 Kg7 32.Kc3 Kh7 33.b4 cxb4+ 34.Kxb4 
Kg7 35.Rd6 Ne8 36.Rd7 Rxd7 37.Nxd7 h5 38.gxh5 f5 39.c5 bxc5+ 40.Kxc5 f4 
41.Ne5 Nc7 42.Kd6 Na6 43.Ng4 1-0

[Event "2nd OHRA Open"]
[Site "Arnhem NED"]
[Date "1983.07.17"]
[Round "3"]
[White "Van Wijgerden, Cornelis"]
[Black "Van Mil, Johannes"]
[Result "0-1"]
[WhiteElo "2430"]
[BlackElo "2340"]
[EventDate "1983.07.15"]
[PlyCount "78"]

1.e4 c5 2.c3 d6 3.d4 Nf6 4.dxc5 Nc6 5.Bd3 d5 6.Nd2 e5 7.Ngf3 Bxc5 8.O-O 
O-O 9.Qe2 Be6 10.b4 Bb6 11.b5 Ne7 12.c4 Ng6 13.exd5 Nf4 14.Qd1 Nxd3 15.
dxe6 Nxf2 16.Qe2 N6g4 17.g3 e4 18.Ne1 Qf6 19.Nb3 fxe6 20.Kg2 e3 21.Nd3 Qh6
22.h4 Qg6 23.Nxf2 Nxf2 24.Ba3 Qe4+ 25.Kh2 Qf5 26.Rxf2 Qxf2+ 27.Qxf2 Rxf2+ 
28.Kh3 Rd8 29.Re1 e2 30.c5 Rd1 31.cxb6 axb6 32.Bb4 Rxe1 33.Bxe1 Rf1 34.Kg2
Rxe1 35.Kf2 Rb1 36.Kxe2 Rb2+ 37.Kf3 Rxa2 38.Nd4 Kf7 39.Ke4 Kf6 0-1

[Event "2nd OHRA Open"]
[Site "Arnhem NED"]
[Date "1983.07.17"]
[Round "3"]
[White "Berg, Klaus"]
[Black "Johansen, Darryl"]
[Result "1/2-1/2"]
[WhiteElo "2400"]
[BlackElo "2485"]
[EventDate "1983.07.15"]
[PlyCount "23"]

1.Nf3 d5 2.d4 Nf6 3.c4 dxc4 4.e3 Bg4 5.Bxc4 e6 6.h3 Bh5 7.Nc3 a6 8.O-O Nc6
9.Be2 Bd6 10.b3 Bg6 11.Bb2 Nd5 12.a3 1/2-1/2

[Event "2nd OHRA Open"]
[Site "Arnhem NED"]
[Date "1983.07.19"]
[Round "4"]
[White "Chandler, Murray Graham"]
[Black "Sunye Neto, Jaime"]
[Result "1-0"]
[WhiteElo "2485"]
[BlackElo "2490"]
[EventDate "1983.07.15"]
[PlyCount "77"]

1.e4 c5 2.Nf3 d6 3.d4 cxd4 4.Nxd4 Nf6 5.Nc3 a6 6.Be2 e5 7.Nb3 Be7 8.O-O 
O-O 9.Be3 Be6 10.f4 exf4 11.Rxf4 Nc6 12.Nd5 Ne5 13.Bb6 Qd7 14.Qd4 Nxd5 15.
exd5 Bf5 16.c4 Rfe8 17.Raf1 Bg6 18.h4 h6 19.Na5 f5 20.b4 h5 21.c5 Bf6 22.
Qd1 dxc5 23.bxc5 Rac8 24.d6 Ng4 25.Bxg4 fxg4 26.Qd5+ Bf7 27.Qxb7 Qxb7 28.
Nxb7 Bd5 29.d7 Bxb7 30.dxc8=Q Rxc8 31.Rxf6 gxf6 32.Rxf6 Kg7 33.Rf5 Re8 34.
Rxh5 Re4 35.Rg5+ Kf6 36.Bd8+ Kf7 37.h5 Rd4 38.Ba5 Ra4 39.h6 1-0

[Event "2nd OHRA Open"]
[Site "Arnhem NED"]
[Date "1983.07.19"]
[Round "4"]
[White "Bohm, Hans"]
[Black "Hort, Vlastimil"]
[Result "1/2-1/2"]
[WhiteElo "2390"]
[BlackElo "2595"]
[EventDate "1983.07.15"]
[PlyCount "85"]

1.d4 Nf6 2.c4 c5 3.Nf3 cxd4 4.Nxd4 b6 5.Nc3 Bb7 6.Bg5 e6 7.f3 h6 8.Bh4 Be7
9.e3 Nc6 10.Rc1 O-O 11.Be2 Nxd4 12.Qxd4 Bc5 13.Qd2 Qe7 14.a3 Rfd8 15.b4 
Bd6 16.O-O Qf8 17.e4 Be7 18.Rfd1 Ne8 19.Bf2 Bg5 20.f4 Be7 21.Qd3 Bc6 22.
Bf3 Rdc8 23.Rc2 Rab8 24.Nb5 Rb7 25.e5 a6 26.Nd4 Bxf3 27.Qxf3 Rbb8 28.f5 a5
29.Nb5 axb4 30.axb4 Bxb4 31.Rxd7 exf5 32.Qxf5 Rd8 33.Ra2 g6 34.Qd3 Rxd7 
35.Qxd7 Ng7 36.h3 Ne6 37.Ra7 Rd8 38.Qb7 Bc5 39.Nd6 Bxd6 40.exd6 Rxd6 41.
Ra8 Rd8 42.Rxd8 Qxd8 43.Qxb6 1/2-1/2

[Event "2nd OHRA Open"]
[Site "Arnhem NED"]
[Date "1983.07.19"]
[Round "4"]
[White "Boersma, Paulus"]
[Black "Hresc, Vladimir"]
[Result "1-0"]
[WhiteElo "2355"]
[BlackElo "2450"]
[EventDate "1983.07.15"]
[PlyCount "37"]

1.Nf3 Nf6 2.c4 e6 3.g3 d5 4.Bg2 Be7 5.O-O O-O 6.d4 dxc4 7.Qc2 a6 8.Qxc4 b5
9.Qc2 Bb7 10.Bd2 Be4 11.Qc1 Qc8 12.Bg5 Qb7 13.Nbd2 Bc6 14.Qc2 a5 15.Rac1 
Ra6 16.e4 Nxe4 17.Bxe7 Re8 18.Nxe4 Bxe4 19.Ng5 1-0

[Event "2nd OHRA Open"]
[Site "Arnhem NED"]
[Date "1983.07.19"]
[Round "4"]
[White "Lengyel, Bela"]
[Black "Langeweg, Christian"]
[Result "1-0"]
[WhiteElo "2315"]
[BlackElo "2420"]
[EventDate "1983.07.15"]
[PlyCount "81"]

1.e4 e5 2.Bc4 Nf6 3.d3 Bc5 4.Nc3 Nc6 5.f4 d6 6.Nf3 Bg4 7.Na4 Bb6 8.Nxb6 
axb6 9.O-O Qe7 10.Bb5 O-O 11.Bxc6 bxc6 12.fxe5 dxe5 13.h3 Bxf3 14.Qxf3 Nd7
15.Bd2 f6 16.a3 Rf7 17.Rf2 Nf8 18.Raf1 Ne6 19.Be3 c5 20.h4 Qd6 21.Qg4 Nd4 
22.h5 Raf8 23.c3 Nc6 24.Rf3 Kh8 25.b4 cxb4 26.axb4 Qd7 27.Qh4 Qe6 28.b5 
Na7 29.h6 g6 30.c4 Kg8 31.Bd2 Qd6 32.Qe1 c5 33.bxc6 Nxc6 34.Be3 Nd4 35.
R3f2 Ne6 36.Qc3 Nc5 37.Qa3 Rd7 38.Bxc5 bxc5 39.Rf3 Qb6 40.Qa1 Rd6 41.Qxe5 
1-0

[Event "2nd OHRA Open"]
[Site "Arnhem NED"]
[Date "1983.07.19"]
[Round "4"]
[White "De Boer, Gert Jan"]
[Black "Kuijf, Marinus"]
[Result "1/2-1/2"]
[WhiteElo "2330"]
[BlackElo "2420"]
[EventDate "1983.07.15"]
[PlyCount "54"]

1.d4 Nf6 2.c4 e6 3.Nf3 b6 4.g3 Ba6 5.b3 d5 6.cxd5 exd5 7.Bg2 Bd6 8.O-O O-O
9.Nc3 Re8 10.Bb2 Nbd7 11.Rc1 Rc8 12.Re1 c6 13.Nh4 Bb4 14.a3 Bxc3 15.Bxc3 
Ne4 16.Bb2 Ndf6 17.e3 Rc7 18.h3 Qd6 19.Nf3 Nxf2 20.Kxf2 Ne4+ 21.Kg1 Qxg3 
22.Re2 Re6 23.Bc3 Rg6 24.Ne5 Ng5 25.Nxg6 Nf3+ 26.Kf1 fxg6 27.Be1 Nh2+ 
1/2-1/2

[Event "2nd OHRA Open"]
[Site "Arnhem NED"]
[Date "1983.07.19"]
[Round "4"]
[White "Ligterink, Gert"]
[Black "Lobron, Eric"]
[Result "0-1"]
[WhiteElo "2430"]
[BlackElo "2480"]
[EventDate "1983.07.15"]
[PlyCount "74"]

1.d4 Nf6 2.c4 e6 3.Nc3 c5 4.d5 exd5 5.cxd5 d6 6.e4 g6 7.f4 Bg7 8.Bb5+ Nfd7
9.a4 a6 10.Bd3 Qc7 11.Nf3 c4 12.Bc2 Nc5 13.h3 O-O 14.O-O Nbd7 15.Be3 Rb8 
16.Bd4 b5 17.axb5 axb5 18.Bxg7 Kxg7 19.Qd4+ f6 20.Nd1 Re8 21.Nf2 b4 22.Ng4
b3 23.Bb1 Qb6 24.e5 dxe5 25.fxe5 Nxe5 26.Nfxe5 fxe5 27.Nxe5 Na4 28.Qxb6 
Nxb6 29.Ra7+ Rb7 30.Rxb7+ Bxb7 31.Rf7+ Kg8 32.Rxb7 Rxe5 33.Bxg6 hxg6 34.
Rxb6 Kf7 35.Rc6 Re1+ 36.Kf2 Rc1 37.Kf3 c3 0-1

[Event "2nd OHRA Open"]
[Site "Arnhem NED"]
[Date "1983.07.19"]
[Round "4"]
[White "Johansen, Darryl"]
[Black "De Roode, Peter"]
[Result "1/2-1/2"]
[WhiteElo "2485"]
[BlackElo "2250"]
[EventDate "1983.07.15"]
[PlyCount "149"]

1.e4 c5 2.Nc3 e6 3.Nge2 Nc6 4.g3 d5 5.exd5 exd5 6.Bg2 d4 7.Nd5 Bd6 8.d3 
Nge7 9.Nef4 O-O 10.O-O Rb8 11.Bd2 b6 12.Re1 Nxd5 13.Nxd5 Ne7 14.Qh5 Nxd5 
15.Bxd5 Bb7 16.Re4 Qf6 17.Bxb7 Rxb7 18.Rae1 h6 19.Qd5 Rd7 20.Qc6 Rc7 21.
Qd5 Rd7 22.R1e2 Rfd8 23.a4 Kh7 24.Qh5 Bb8 25.Re1 Rd5 26.Qe2 g6 27.h4 Rf5 
28.Re7 Kg7 29.c4 a6 30.b4 Rf3 31.b5 Bxg3 32.Bg5 hxg5 33.fxg3 axb5 34.Kg2 
Rf5 35.hxg5 Rxg5 36.axb5 Rh8 37.Rf1 Rf5 38.Rxf5 Qxf5 39.Qe5+ Qxe5 40.Rxe5 
Ra8 41.Re7 Ra3 42.Rb7 Rxd3 43.Rxb6 Rc3 44.Rc6 Rxc4 45.Kf3 f5 46.b6 Rb4 47.
Rc7+ Kf6 48.b7 Ke6 49.Rxc5 Rxb7 50.Rc6+ Kf7 51.Rd6 Rb3+ 52.Kf4 Rd3 53.g4 
fxg4 54.Kxg4 Rd1 55.Kf3 d3 56.Kf4 Kg7 57.Rd8 d2 58.Ke3 Re1+ 59.Kxd2 Re6 
60.Rd3 Kh6 61.Rh3+ Kg5 62.Rh1 Kf4 63.Rf1+ Kg4 64.Rg1+ Kf4 65.Rf1+ Kg3 66.
Rg1+ Kf2 67.Rg5 Kf3 68.Rg1 Re2+ 69.Kd3 Rg2 70.Rf1+ Kg3 71.Ke4 g5 72.Kf5 g4
73.Kg5 Kh2 74.Kh4 g3 75.Rf3 1/2-1/2

[Event "2nd OHRA Open"]
[Site "Arnhem NED"]
[Date "1983.07.19"]
[Round "4"]
[White "Berg, Klaus"]
[Black "Van Wijgerden, Cornelis"]
[Result "0-1"]
[WhiteElo "2400"]
[BlackElo "2430"]
[EventDate "1983.07.15"]
[PlyCount "106"]

1.Nf3 d5 2.d4 Nf6 3.Bg5 Ne4 4.Bf4 c6 5.e3 Bg4 6.Be2 e6 7.Nbd2 Nxd2 8.Qxd2 
Be7 9.h3 Bh5 10.O-O O-O 11.c4 Nd7 12.cxd5 exd5 13.b4 Nf6 14.Rab1 Ne4 15.
Qc2 Bd6 16.b5 Bxf4 17.exf4 f6 18.bxc6 bxc6 19.Rfc1 Rc8 20.Bd3 Re8 21.Nd2 
Bg6 22.Rb7 Re7 23.Rxe7 Qxe7 24.Nxe4 Bxe4 25.Bxe4 Qxe4 26.Qxe4 dxe4 27.Kf1 
Kf7 28.Ke2 Ke6 29.Ke3 Kd6 30.Rb1 f5 31.g4 g6 32.Rb3 Rc7 33.Rb8 c5 34.Rd8+ 
Ke6 35.d5+ Ke7 36.Rh8 Kd6 37.gxf5 gxf5 38.Rf8 Kxd5 39.Rxf5+ Kc4 40.Kxe4 
Kc3 41.Re5 c4 42.f5 Kd2 43.f6 c3 44.Rd5+ Ke2 45.Rb5 c2 46.Rb2 Kd1 47.Rxc2 
Kxc2 48.f4 a5 49.Ke5 a4 50.Ke6 Rc6+ 51.Ke7 Rc7+ 52.Ke8 Rc4 53.f7 Re4+ 0-1

[Event "2nd OHRA Open"]
[Site "Arnhem NED"]
[Date "1983.07.19"]
[Round "4"]
[White "Van der Vliet, Fredrik"]
[Black "Ree, Hans"]
[Result "1/2-1/2"]
[WhiteElo "2345"]
[BlackElo "2500"]
[EventDate "1983.07.15"]
[PlyCount "150"]

1.d4 e6 2.c4 b6 3.e4 Bb7 4.Bd3 Bb4+ 5.Bd2 Bxd2+ 6.Nxd2 d6 7.Ne2 e5 8.d5 
Ne7 9.O-O Nd7 10.b4 a5 11.a3 Ng6 12.Nb3 Nf4 13.Nxf4 exf4 14.Qd2 a4 15.Nd4 
Ne5 16.Be2 Qf6 17.Rac1 O-O 18.f3 Ba6 19.Kh1 Rfe8 20.c5 bxc5 21.bxc5 Reb8 
22.Rc2 h6 23.Rfc1 Bxe2 24.Qxe2 Rb7 25.c6 Rb6 26.Nb5 Qd8 27.Rb2 Kh7 28.Rb4 
g5 29.Rcb1 h5 30.Qd2 Rab8 31.Qc2 g4 32.Qxa4 gxf3 33.Qc2 Qh4 34.gxf3 Rg8 
35.Nd4 Rxb4 36.axb4 Rg3 37.Qe2 Qh3 38.Rf1 Nc4 39.Nf5 Rg8 40.Rg1 Ra8 41.Qf1
Qxf1 42.Rxf1 Rb8 43.Rg1 Kh8 44.Rg5 Rxb4 45.Rxh5+ Kg8 46.Rg5+ Kf8 47.Rg1 
Nd2 48.Ra1 Kg8 49.Ra3 Nc4 50.Rc3 Kh7 51.Kg2 Kg6 52.h4 Nb6 53.Rd3 Rb1 54.
Kh3 Rg1 55.Rd2 Kf6 56.Kh2 Rc1 57.h5 Nc4 58.Rg2 Ne5 59.Nd4 Rb1 60.Rg8 Rb2+ 
61.Kh3 Rb1 62.h6 Rh1+ 63.Kg2 Rxh6 64.Nf5 Rg6+ 65.Rxg6+ Nxg6 66.Nd4 Ke5 67.
Nf5 Kf6 68.Kh3 Ne5 69.Nd4 Ke7 70.Kh4 f6 71.Kh3 Kf7 72.Kh2 f5 73.Nxf5 Nxf3+
74.Kg2 Nd2 75.Nxd6+ Kf6 1/2-1/2

[Event "2nd OHRA Open"]
[Site "Arnhem NED"]
[Date "1983.07.20"]
[Round "5"]
[White "Kuijf, Marinus"]
[Black "De Roode, Peter"]
[Result "1-0"]
[WhiteElo "2420"]
[BlackElo "2250"]
[EventDate "1983.07.15"]
[PlyCount "81"]

1.e4 c5 2.Ne2 d6 3.Nbc3 e6 4.d4 cxd4 5.Nxd4 a6 6.a4 Nf6 7.Be2 Nc6 8.Be3 
Be7 9.O-O O-O 10.f4 Bd7 11.Qe1 Re8 12.Qg3 e5 13.fxe5 Nxe5 14.Rad1 Rc8 15.
Nf5 Bxf5 16.exf5 Qa5 17.Kh1 Bf8 18.Bd4 Nfd7 19.Rf4 Nf6 20.Rh4 Re7 21.Bd3 
Rce8 22.Ne4 Nxe4 23.Bxe4 f6 24.Bc3 Qc5 25.Bd5+ Nf7 26.Rc4 Qa7 27.Bxf6 Re3 
28.Bd4 Rxg3 29.Bxa7 Rg5 30.Be6 g6 31.g4 h5 32.h3 hxg4 33.hxg4 gxf5 34.gxf5
Be7 35.Rg1 Kg7 36.Bd4+ Ne5 37.Rxg5+ Bxg5 38.Rc7+ Be7 39.Rxb7 Rh8+ 40.Kg2 
Kf6 41.Ra7 1-0

[Event "2nd OHRA Open"]
[Site "Arnhem NED"]
[Date "1983.07.20"]
[Round "5"]
[White "Henley, Ron"]
[Black "Lengyel, Bela"]
[Result "1-0"]
[WhiteElo "2525"]
[BlackElo "2315"]
[EventDate "1983.07.15"]
[PlyCount "63"]

1.d4 d5 2.Nf3 Nf6 3.c4 e6 4.Nc3 Nbd7 5.cxd5 exd5 6.Bf4 c6 7.e3 Be7 8.Qc2 
O-O 9.Bd3 Re8 10.h3 Nf8 11.Ne5 Be6 12.O-O N6d7 13.Nf3 Ng6 14.Bh2 Ndf8 15.
Na4 Bd6 16.Bxd6 Qxd6 17.b4 Qxb4 18.Nc5 b5 19.a4 bxa4 20.Rfb1 Qa5 21.Rxa4 
Qd8 22.Ra6 Bc8 23.Nb7 Qe7 24.Qxc6 Ne6 25.Ra5 Rb8 26.Nd6 Bd7 27.Qxd5 Rxb1+ 
28.Bxb1 Rb8 29.Bxg6 hxg6 30.Rxa7 Rb1+ 31.Kh2 Rf1 32.Nc8 1-0

[Event "2nd OHRA Open"]
[Site "Arnhem NED"]
[Date "1983.07.20"]
[Round "5"]
[White "Langeweg, Christian"]
[Black "De Boer, Gert Jan"]
[Result "1-0"]
[WhiteElo "2420"]
[BlackElo "2330"]
[EventDate "1983.07.15"]
[PlyCount "151"]

1.d4 Nf6 2.Nf3 g6 3.Bg5 Bg7 4.c3 O-O 5.Nbd2 d6 6.e4 Nbd7 7.Bd3 e5 8.O-O 
Qe8 9.Re1 Nh5 10.Qc2 Nf4 11.Bf1 Ne6 12.Bh4 f5 13.exf5 gxf5 14.dxe5 dxe5 
15.Nd4 exd4 16.Rxe6 Qh5 17.Bc4 Kh8 18.Be7 Re8 19.Rae1 Nb6 20.R6e2 Nxc4 21.
Nxc4 Bd7 22.cxd4 Bxd4 23.Qd3 c5 24.Nd6 Rg8 25.Qxd4+ cxd4 26.Bf6+ Rg7 27.
Re7 Qg6 28.Bxg7+ Qxg7 29.Rxg7 Kxg7 30.Rd1 Kf6 31.Rxd4 Ke5 32.Rd2 Bc6 33.
Nf7+ Kf6 34.Nd8 Rc8 35.Nxc6 Rxc6 36.g3 Rc7 37.Kg2 Ke5 38.Kf3 b6 39.Re2+ 
Kf6 40.Rd2 Ke5 41.Ke3 a5 42.Rd3 Rc2 43.Rb3 Rc6 44.Rb5+ Kf6 45.Kf4 Rc4+ 46.
Kf3 Rc6 47.Kg2 Rd6 48.Kh3 Kg5 49.f4+ Kf6 50.Kh4 Kg6 51.h3 Rf6 52.Rd5 Kh6 
53.Re5 Kg6 54.Rd5 Kh6 55.a4 Kg6 56.Rd4 Re6 57.g4 Rc6 58.b3 Rf6 59.Rd5 fxg4
60.Kxg4 Rc6 61.f5+ Kg7 62.h4 Rc3 63.Rb5 Rc6 64.Kf4 Kf6 65.Rd5 Ke7 66.Kg5 
Rc3 67.Rb5 Rc6 68.Re5+ Kf7 69.Re6 Rxe6 70.fxe6+ Kxe6 71.Kh6 Kf5 72.Kxh7 
Kg4 73.Kg6 Kxh4 74.Kf5 Kg3 75.Ke4 Kf2 76.Kd5 1-0

[Event "2nd OHRA Open"]
[Site "Arnhem NED"]
[Date "1983.07.20"]
[Round "5"]
[White "Sunye Neto, Jaime"]
[Black "Van der Sterren, Paul"]
[Result "1/2-1/2"]
[WhiteElo "2490"]
[BlackElo "2445"]
[EventDate "1983.07.15"]
[PlyCount "111"]

1.c4 c5 2.Nc3 Nc6 3.Nf3 Nf6 4.d4 cxd4 5.Nxd4 e6 6.g3 Qb6 7.Nb3 Ne5 8.e4 
Bb4 9.Qe2 O-O 10.f4 Nc6 11.e5 Ne8 12.Bd2 f6 13.c5 Qd8 14.exf6 Nxf6 15.a3 
Bxc3 16.Bxc3 Nd5 17.Bg2 Nxc3 18.bxc3 Na5 19.Nd2 Qc7 20.Qe3 Rb8 21.O-O b6 
22.Rab1 Ba6 23.cxb6 Rxb6 24.Rfd1 Rxb1 25.Rxb1 Rc8 26.Qd4 Nc6 27.Qc5 Bd3 
28.Rd1 Nb8 29.Qxc7 Rxc7 30.c4 Na6 31.Kf2 Nc5 32.Ke3 Kf8 33.Rc1 Ke7 34.Rc3 
Bf5 35.Bf3 h6 36.Bd1 Rb7 37.Nb3 Na4 38.Rc1 Nb2 39.Nd4 Nxd1+ 40.Rxd1 Bg4 
41.Rd3 Rb1 42.Rc3 Re1+ 43.Kf2 Re4 44.Nf3 g5 45.Ne5 Bf5 46.Kf3 gxf4 47.gxf4
Re1 48.c5 Be4+ 49.Kf2 Rh1 50.h3 Rh2+ 51.Kg3 Rd2 52.Rc4 Rg2+ 53.Kh4 Bc6 54.
Nxc6+ dxc6 55.Ra4 Kf6 56.Rxa7 1/2-1/2

[Event "2nd OHRA Open"]
[Site "Arnhem NED"]
[Date "1983.07.20"]
[Round "5"]
[White "Van Wijgerden, Cornelis"]
[Black "Borm, Franciscus"]
[Result "1/2-1/2"]
[WhiteElo "2430"]
[BlackElo "2355"]
[EventDate "1983.07.15"]
[PlyCount "45"]

1.g3 Nf6 2.Bg2 d5 3.d3 Nc6 4.Nf3 g6 5.O-O Bg7 6.Nbd2 O-O 7.e4 dxe4 8.dxe4 
e5 9.c3 a5 10.Qc2 Qe7 11.a4 Rd8 12.Re1 h6 13.Nc4 b6 14.b3 Ba6 15.Bf1 Qe6 
16.Ba3 Bf8 17.Bxf8 Kxf8 18.Rad1 Kg7 19.Ne3 Rxd1 20.Rxd1 Bxf1 21.Kxf1 Rd8 
22.Rxd8 Nxd8 23.Nc4 1/2-1/2

[Event "2nd OHRA Open"]
[Site "Arnhem NED"]
[Date "1983.07.20"]
[Round "5"]
[White "Vogel, Jaap"]
[Black "Berg, Klaus"]
[Result "0-1"]
[WhiteElo "2325"]
[BlackElo "2400"]
[EventDate "1983.07.15"]
[PlyCount "72"]

1.Nf3 Nf6 2.g3 d5 3.Bg2 Bf5 4.b3 e6 5.Bb2 h6 6.d3 Be7 7.Nbd2 O-O 8.O-O c5 
9.Ne5 Nbd7 10.e4 Bh7 11.Qe2 Nxe5 12.Bxe5 Qa5 13.a4 Rad8 14.Rad1 a6 15.Rfe1
Bg6 16.h3 c4 17.dxc4 Nxe4 18.Nxe4 dxe4 19.Bb2 f5 20.Rxd8 Rxd8 21.Rd1 Bc5 
22.Rxd8+ Qxd8 23.Qe1 Be7 24.a5 Bh5 25.g4 Bg6 26.b4 Qd6 27.Bc3 Qc6 28.Bf1 
f4 29.Qd2 Bg5 30.b5 Qc7 31.Bb4 axb5 32.Bd6 e3 33.Qb4 Qc6 34.c5 Qf3 35.Qe1 
Bh4 36.Qe2 exf2+ 0-1

[Event "2nd OHRA Open"]
[Site "Arnhem NED"]
[Date "1983.07.20"]
[Round "5"]
[White "Hresc, Vladimir"]
[Black "Van Baarle, John"]
[Result "1-0"]
[WhiteElo "2450"]
[BlackElo "2345"]
[EventDate "1983.07.15"]
[PlyCount "88"]

1.e4 d6 2.d4 Nf6 3.Nc3 g6 4.Nf3 Bg7 5.Be2 O-O 6.O-O c6 7.a4 Nbd7 8.h3 e5 
9.dxe5 dxe5 10.Be3 Qe7 11.Qd3 Nh5 12.Qc4 Nf4 13.Rfd1 Nxe2+ 14.Nxe2 Re8 15.
a5 a6 16.Rd3 Bf8 17.Rad1 Nf6 18.Bg5 Kg7 19.Ng3 Qb4 20.Nxe5 Rxe5 21.Bxf6+ 
Kxf6 22.Rf3+ Bf5 23.Qd3 Kg7 24.exf5 Rae8 25.Qd7 Kg8 26.fxg6 fxg6 27.Qf7+ 
Kh8 28.Rb3 Re1+ 29.Rxe1 Rxe1+ 30.Kh2 Qe7 31.Rxb7 Qxf7 32.Rxf7 Bd6 33.Rf6 
Rd1 34.f4 Kg7 35.Ne4 Bb8 36.Rxc6 Rd4 37.Re6 Bxf4+ 38.g3 Bc1 39.c3 Rd5 40.
b4 Bb2 41.Re7+ Kh6 42.Rxh7+ Kxh7 43.Nf6+ Kg7 44.Nxd5 Kf7 1-0

[Event "2nd OHRA Open"]
[Site "Arnhem NED"]
[Date "1983.07.20"]
[Round "5"]
[White "Van der Vliet, Fredrik"]
[Black "Chandler, Murray Graham"]
[Result "0-1"]
[WhiteElo "2345"]
[BlackElo "2485"]
[EventDate "1983.07.15"]
[PlyCount "80"]

1.d4 d5 2.c4 e6 3.Nf3 c5 4.cxd5 exd5 5.g3 Nf6 6.Bg2 Nc6 7.O-O Be7 8.Nc3 
O-O 9.Bg5 cxd4 10.Nxd4 h6 11.Be3 Re8 12.Rc1 Bg4 13.Qa4 Na5 14.Rcd1 Nc4 15.
Bc1 Nb6 16.Qc2 Rc8 17.Qd3 Bb4 18.Ncb5 a6 19.Na3 Bxa3 20.Qxa3 Bxe2 21.Nxe2 
Rxe2 22.Qb3 Qd6 23.Bf3 Ree8 24.Be3 Nc4 25.Bd4 b5 26.Bxf6 Qxf6 27.Bxd5 Re2 
28.Bxc4 Rxc4 29.Rd7 Rcc2 30.Qd3 g6 31.Qd4 Qxd4 32.Rxd4 Rxb2 33.a4 b4 34.a5
Re5 35.Ra1 Rf5 36.Rf4 Rxf4 37.gxf4 Rc2 38.Kg2 Rc5 39.Kf3 Rb5 40.Ke4 Kg7 
0-1

[Event "2nd OHRA Open"]
[Site "Arnhem NED"]
[Date "1983.07.20"]
[Round "5"]
[White "Van Mil, Johannes"]
[Black "Franco Ocampos, Zenon"]
[Result "1/2-1/2"]
[WhiteElo "2340"]
[BlackElo "2495"]
[EventDate "1983.07.15"]
[PlyCount "87"]

1.d4 Nf6 2.Nc3 c5 3.d5 g6 4.e4 d6 5.Be2 Bg7 6.Nf3 O-O 7.O-O Na6 8.h3 Nc7 
9.a4 b6 10.Bf4 Rb8 11.e5 Nfe8 12.Bc4 a6 13.Qe2 Qd7 14.Ra3 b5 15.axb5 axb5 
16.Rb3 Bb7 17.Nxb5 Bxd5 18.Bxd5 Nxd5 19.Bg3 Nb4 20.exd6 exd6 21.c4 Rb6 22.
Re3 Bf6 23.Ra1 Ng7 24.Ra7 Qd8 25.Bf4 Nf5 26.Re4 d5 27.cxd5 Nxd5 28.Be5 
Bxe5 29.Nxe5 Nf6 30.Rea4 Qd5 31.Nc3 Qe6 32.f4 Nd4 33.Qc4 Qxc4 34.Rxc4 Rxb2
35.Rxc5 Nh5 36.Rc4 Ne6 37.Nd5 Rd2 38.Rd7 Rd8 39.Rxd8+ Nxd8 40.Ne3 Ne6 41.
f5 gxf5 42.Nxf5 Nhf4 43.Rc8+ Rd8 44.Rxd8+ 1/2-1/2

[Event "2nd OHRA Open"]
[Site "Arnhem NED"]
[Date "1983.07.20"]
[Round "5"]
[White "Grooten, Herman"]
[Black "Johansen, Darryl"]
[Result "0-1"]
[WhiteElo "2340"]
[BlackElo "2485"]
[EventDate "1983.07.15"]
[PlyCount "44"]

1.d4 Nf6 2.c4 e6 3.Nf3 c5 4.d5 b5 5.Bg5 exd5 6.cxd5 Qa5+ 7.Nc3 Ne4 8.Qd3 
Nxg5 9.Nxg5 Be7 10.Qe4 d6 11.Ne6 fxe6 12.dxe6 Qb4 13.Qxa8 Qxb2 14.Nd5 
Qxa1+ 15.Kd2 Qxa2+ 16.Kc1 Qc4+ 17.Kd2 Qd4+ 18.Kc1 Bxe6 19.Qxb8+ Kf7 20.
Qxh8 Qa1+ 21.Kd2 Qb2+ 22.Kd3 Bxd5 0-1

[Event "2nd OHRA Open"]
[Site "Arnhem NED"]
[Date "1983.07.21"]
[Round "6"]
[White "Short, Nigel David"]
[Black "Chandler, Murray Graham"]
[Result "1/2-1/2"]
[WhiteElo "2475"]
[BlackElo "2485"]
[EventDate "1983.07.15"]
[PlyCount "25"]

1.d4 Nf6 2.Nf3 d5 3.c4 e6 4.Nc3 c6 5.cxd5 exd5 6.Bg5 Be7 7.e3 Bf5 8.Bd3 
Bxd3 9.Qxd3 O-O 10.Bxf6 Bxf6 11.O-O Be7 12.Rab1 a5 13.Rfc1 1/2-1/2

[Event "2nd OHRA Open"]
[Site "Arnhem NED"]
[Date "1983.07.21"]
[Round "6"]
[White "Henley, Ron"]
[Black "Van der Wiel, John"]
[Result "1/2-1/2"]
[WhiteElo "2525"]
[BlackElo "2515"]
[EventDate "1983.07.15"]
[PlyCount "35"]

1.d4 Nf6 2.c4 e6 3.Nf3 b6 4.Nc3 Bb7 5.a3 d5 6.cxd5 Nxd5 7.Qc2 c5 8.e4 Nxc3
9.bxc3 Nd7 10.Bd3 Qc7 11.Qb1 Be7 12.O-O O-O 13.Ra2 Rfd8 14.Re2 Nf8 15.h4 
Bf6 16.Re3 Kh8 17.Bb2 Rac8 18.Qe1 1/2-1/2

[Event "2nd OHRA Open"]
[Site "Arnhem NED"]
[Date "1983.07.21"]
[Round "6"]
[White "Lobron, Eric"]
[Black "Sax, Gyula"]
[Result "1/2-1/2"]
[WhiteElo "2480"]
[BlackElo "2570"]
[EventDate "1983.07.15"]
[PlyCount "35"]

1.Nf3 Nf6 2.c4 c5 3.g3 d5 4.Bg2 Nc6 5.O-O d4 6.d3 e5 7.a3 a5 8.e3 Be7 9.
exd4 exd4 10.Re1 O-O 11.Nbd2 Bf5 12.Nh4 Bg4 13.Bf3 Qd7 14.Ng2 Rfe8 15.Nf4 
Bxf3 16.Nxf3 Bd6 17.Rxe8+ Rxe8 18.Kg2 1/2-1/2

[Event "2nd OHRA Open"]
[Site "Arnhem NED"]
[Date "1983.07.21"]
[Round "6"]
[White "Borm, Franciscus"]
[Black "Murey, Jacob"]
[Result "1-0"]
[WhiteElo "2355"]
[BlackElo "2485"]
[EventDate "1983.07.15"]
[PlyCount "125"]

1.e4 c5 2.Nf3 d6 3.d4 cxd4 4.Nxd4 Nf6 5.Nc3 e6 6.Be2 Nc6 7.Be3 Bd7 8.O-O 
Be7 9.f4 O-O 10.Qe1 Qb8 11.Qg3 Rd8 12.Kh1 Be8 13.Rad1 Bf8 14.a3 Kh8 15.Bd3
h6 16.Nf3 b5 17.e5 dxe5 18.fxe5 Nd5 19.Nxd5 Rxd5 20.Rde1 b4 21.Be4 Rd8 22.
Nh4 Kg8 23.Bxh6 f5 24.Nxf5 Qxe5 25.Bf4 Qxf5 26.Bxf5 exf5 27.axb4 Bxb4 28.
c3 Bf8 29.Bc7 Rd5 30.c4 Rd7 31.Rxf5 Bf7 32.b3 Nd4 33.Rff1 Nxb3 34.Rd1 Nd2 
35.Rfe1 Ne4 36.Qf3 Rxc7 37.Rxe4 Rac8 38.Rc1 a5 39.Qd1 Rxc4 40.Rexc4 Rxc4 
41.Rxc4 Bxc4 42.Qa4 Bb4 43.Qe8+ Bf8 44.Qa8 Be6 45.Qxa5 Be7 46.Qe5 Kf7 47.
h4 Bf6 48.Qe4 g6 49.Qf4 Kg7 50.Kh2 Bf7 51.g4 Be7 52.Kg3 Kg8 53.Qe5 Bf8 54.
Qb8 Kg7 55.Qc7 Kg8 56.Qd8 Kg7 57.Kf4 Ba3 58.Qc7 Bb2 59.Ke4 Ba1 60.g5 Kf8 
61.Qd6+ Kg8 62.Qd8+ Kh7 63.Qf8 1-0

[Event "2nd OHRA Open"]
[Site "Arnhem NED"]
[Date "1983.07.21"]
[Round "6"]
[White "Bohm, Hans"]
[Black "Sunye Neto, Jaime"]
[Result "1/2-1/2"]
[WhiteElo "2390"]
[BlackElo "2490"]
[EventDate "1983.07.15"]
[PlyCount "108"]

1.d4 Nf6 2.c4 e6 3.Nc3 Bb4 4.Qc2 c5 5.dxc5 O-O 6.g3 Bxc5 7.Nf3 Nc6 8.Bg5 
Be7 9.Rd1 Qa5 10.e4 Rd8 11.Be2 a6 12.O-O d6 13.h3 Bd7 14.Rd2 Ne5 15.Nxe5 
Qxe5 16.Be3 Bc6 17.Bb6 Nxe4 18.Bxd8 Rxd8 19.Nxe4 Bxe4 20.Bd3 f5 21.Rfd1 
Bc6 22.Re2 Qf6 23.Re3 Qg6 24.f4 Bf6 25.Bf1 Be4 26.Qb3 Qh6 27.a3 g5 28.Rxe4
fxe4 29.Qxb7 gxf4 30.Qxe4 Bxb2 31.gxf4 Kh8 32.Rd2 Bc1 33.Rg2 Qxf4 34.Qxf4 
Bxf4 35.Re2 Rg8+ 36.Kf2 Rg6 37.Re4 Bc1 38.a4 Ba3 39.Bd3 Bc5+ 40.Kf3 Rh6 
41.Kg3 Bb4 42.h4 Kg7 43.Kg4 Rf6 44.Re2 a5 45.Be4 Rf1 46.Bg2 Rf8 47.Be4 h6 
48.Re3 Rf2 49.Bb7 Rc2 50.Re4 Kf6 51.Kh5 d5 52.cxd5 exd5 53.Rd4 Rc5 54.Rxd5
Rxd5+ 1/2-1/2

[Event "2nd OHRA Open"]
[Site "Arnhem NED"]
[Date "1983.07.21"]
[Round "6"]
[White "Franco Ocampos, Zenon"]
[Black "Van Wijgerden, Cornelis"]
[Result "1/2-1/2"]
[WhiteElo "2495"]
[BlackElo "2430"]
[EventDate "1983.07.15"]
[PlyCount "53"]

1.e4 d6 2.d4 Nf6 3.Nc3 g6 4.Be2 Bg7 5.Nf3 O-O 6.O-O c6 7.a4 Qc7 8.a5 e5 9.
dxe5 dxe5 10.Be3 Ng4 11.Bd2 Nd7 12.b4 Rd8 13.Ng5 Nf8 14.Bc4 Nh6 15.Qc1 Kh8
16.Rd1 f6 17.Nf3 Nf7 18.Be3 Be6 19.Rxd8 Qxd8 20.Qf1 Qe8 21.Qd3 Rd8 22.Qe2 
a6 23.Bxe6 Nxe6 24.Na4 Bf8 25.c3 Nd6 26.Nd2 Nb5 27.Nb3 1/2-1/2